00551nam a2200121Ia 4500008004100000100002200041245011100063260006400174650001500238856008400253999001900337952007300356160712s9999 xx 000 0 und d aDalisay, Jose Jr. cJose Dalisay, Jr.aWhy We Don’t Write More Novels, But Should (The Challenge to the Filipino Fictionist) c2015bJournal of English Studies and Comparative Literature xLITERATURE uhttp://journals.upd.edu.ph/index.php/jescl/issue/view/Special%20Edition/showToc c297078d297078 001040aCLbCLd2016-07-12l0r2016-07-12 00:00:00w2016-07-12yFEJ